The Japan Weekly Mail (Record no. 618024)

MARC details
000 -LEADER
fixed length control field 00458nam a22001577a 4500
008 - FIXED-LENGTH DATA ELEMENTS--GENERAL INFORMATION
fixed length control field 260318b |||||||| |||| 00| 0 eng d
020 ## - INTERNATIONAL STANDARD BOOK NUMBER
ISBN 9784861660238
Paper back/Hardbound hbk
082 ## - DEWEY DECIMAL CLASSIFICATION NUMBER
Classification number 071.52
Item number SYN.43
100 ## - MAIN ENTRY--AUTHOR NAME
Personal name Yokahama Archives of History
245 ## - TITLE STATEMENT
Title The Japan Weekly Mail
Sub Title Series I: 1870-1899, Part 4, 1885-1889
260 ## - PUBLICATION, DISTRIBUTION, ETC. (IMPRINT)
Place of publication America
Name of publisher ‎ Edition Synapse
Year of publication 26 January 2009
300 ## - PHYSICAL DESCRIPTION
Number of Pages 620 p.
504 ## - BIBLIOGRAPHY, ETC. NOTE
Bibliography, etc Includes index
942 ## - ADDED ENTRY ELEMENTS (KOHA)
Koha item type Reference
Holdings
Withdrawn status Lost status Damaged status Not for loan Home library Current library Shelving location Date acquired Full call number Accession Number Price effective from Koha item type
        Anna Centenary Library Anna Centenary Library 3RD FLOOR, A WING 13.08.2010 071.52 SYN.43 337461 18.03.2026 Reference

Find us on the map